000
00311nam a22001337a 4500
008
171013b xxu||||| |||| 00| 0 eng d
020
_a
0840030061u
041
_a
eng
080
_a
316
100
_a
51
101
_a
SOC
245
_a
DISCOVERY SERIES INTRODUCTION TO LIFE SPAN
_c
RATHUS,S.A
942
_2
udc
_c
BK
999
_c
33805
_d
33805